000 00277nam a22001337a 4500
008 170623b xxu||||| |||| 00| 0 eng d
020 _a9780674650039
041 _aeng
080 _a32
100 _a21
101 _aSHP
245 _aOZONE
_cBENEDICK, R.E
942 _2udc
_cBK
999 _c19034
_d19034